Paite Pupa Ngeina leh a kizatnate: (Record no. 9499)

MARC details
000 -LEADER
fixed length control field 00483nam a22001697a 4500
003 - CONTROL NUMBER IDENTIFIER
control field GBCCL
005 - DATE AND TIME OF LATEST TRANSACTION
control field 20241126110713.0
008 - FIXED-LENGTH DATA ELEMENTS--GENERAL INFORMATION
fixed length control field 230214b ||||| |||| 00| 0 eng d
040 ## - CATALOGING SOURCE
Transcribing agency gbc
082 ## - DEWEY DECIMAL CLASSIFICATION NUMBER
Classification number VER 390.08
Item number PAI
245 ## - TITLE STATEMENT
Title Paite Pupa Ngeina leh a kizatnate:
Remainder of title 2vei puahphatna 2013
260 ## - PUBLICATION, DISTRIBUTION, ETC.
Place of publication, distribution, etc. Lamka:
Name of publisher, distributor, etc. Paite Tribe Council,
Date of publication, distribution, etc. 2020
300 ## - PHYSICAL DESCRIPTION
Extent 76p. ;
650 ## - SUBJECT ADDED ENTRY--TOPICAL TERM
Topical term or geographic name entry element Custom
Form subdivision Paite
9 (RLIN) 16550
650 ## - SUBJECT ADDED ENTRY--TOPICAL TERM
Topical term or geographic name entry element Customary law and practices
Form subdivision Paite
Geographic subdivision India
9 (RLIN) 16551
942 ## - ADDED ENTRY ELEMENTS (KOHA)
Source of classification or shelving scheme Dewey Decimal Classification
Koha item type Books
Koha issues (borrowed), all copies 3
Holdings
Withdrawn status Lost status Source of classification or shelving scheme Damaged status Not for loan Home library Current Library Shelving location Date acquired Total checkouts Full call number Barcode Date last seen Date last checked out Copy number Price effective from Koha item type
    Dewey Decimal Classification     GRACE BIBLE COLLEGE GRACE BIBLE COLLEGE Vernacular 2023-02-14 5 VER 390.08 PAI 015972 2026-01-19 2026-01-13 c.1 2023-02-14 Books
© Grace Bible College Library 2025